Poemas / (Record no. 147250)
[ view plain ]
| 000 -LEADER | |
|---|---|
| campo de control de longitud fija | 00527nam a2200181 i 4500 |
| 001 - NÚMERO DE CONTROL | |
| campo de control | 147250 |
| 003 - IDENTIFICADOR DE NÚMERO DE CONTROL | |
| campo de control | ES-MaACL |
| 005 - FECHA Y HORA DE LA ÚLTIMA TRANSACCIÓN | |
| campo de control | 20230906201912.0 |
| 007 - CAMPO FIJO DE DESCRIPCIÓN FÍSICA--INFORMACIÓN GENERAL | |
| campo de control de longitud fija | t| |
| 008 - DATOS DE LONGITUD FIJA--INFORMACIÓN GENERAL | |
| campo de control de longitud fija | 070925s1969 sp |||| | spa d |
| 080 ## - NÚMERO DE LA CLASIFICACIÓN DECIMAL UNIVERSAL | |
| Número de la Clasificación Decimal Universal | 821.135.1-14"19" |
| 100 1# - ENTRADA PRINCIPAL--NOMBRE DE PERSONA | |
| Nombre de persona | Tzara, Tristan. |
| 9 (RLIN) | 150006 |
| 245 10 - MENCIÓN DEL TÍTULO | |
| Título | Poemas / |
| Mención de responsabilidad, etc. | Tristán Tzara ; traducción, selección y prólogo de Fernando Millán. |
| 260 ## - PUBLICACIÓN, DISTRIBUCIÓN, ETC. | |
| Lugar de publicación, distribución, etc. | [Madrid : |
| Nombre del editor, distribuidor, etc. | A. Corazón], |
| Fecha de publicación, distribución, etc. | 1969. |
| 300 ## - DESCRIPCIÓN FÍSICA | |
| Extensión | 141 p. ; |
| Dimensiones | 20 cm. |
| 700 1# - ENTRADA AGREGADA--NOMBRE PERSONAL | |
| Nombre de persona | Millán, Fernando. |
| 9 (RLIN) | 81126 |
| 852 ## - LOCALIZACIÓN | |
| Ubicación | ES-MaACL |
| Número de control de estantería | C-33798 |
| Estatus retirado | Estado de pérdida | Estado de daño | No para préstamo | Biblioteca de origen | Biblioteca actual | Ubicación en estantería | Fecha de adquisición | Fuente de adquisición | Total de préstamos | Signatura topográfica completa | Código de barras | Visto por última vez | Precio de reemplazo | Tipo de ítem Koha |
|---|---|---|---|---|---|---|---|---|---|---|---|---|---|---|
| Biblioteca del Ateneo de Madrid | Biblioteca del Ateneo de Madrid | Depósito 2 | 17/01/2008 | C-33798 | 1153668 | 23/02/2023 | 23/02/2023 | Libro impreso |
